000 00369nam a2200157Ia 4500
008 151213s9999 xx 000 0 und d
020 _a8220-0077-6
100 _aShakespeare
245 _aSonnets
_cShakespeare
260 _bCliff's Not's
_c1965
300 _a9063 p.
650 _aEnglish
650 _aEnglish (Nots)
700 _aShakespeare
999 _c4698
_d4698